Statistics for Famous People Named Shirley

Click here to take the quiz!

General Stats

  • This quiz has been taken 101 times
    (47 since last reset)
  • The average score is 5 of 10

Answer Stats

LifeHintPerson% Correct
1928–2014Child actress of Curly Top and Heidi who later became an ambassadorShirley Temple
98%
1934–Actress in Terms of Endearment and Steel Magnolias; Warren Beatty's sisterShirley MacLaine
84%
FictionalDuo played by Penny Marshall and Cindy Williams who were title characters of sitcomLaverne & Shirley
77%
1937–Sang the theme songs of Bond films Goldfinger, Diamonds are Forever, and MoonrakerShirley Bassey
66%
1934–Shirley Partridge in The Partridge Family and stepmother of David CassidyShirley Jones
52%
1924–2005First black woman in Congress; first black Presidential nomination candidateShirley Chisholm
39%
1916–1965Writer of The Haunting of Hill House and disturbing short story "The Lottery"Shirley Jackson
39%
1966–Red-headed Scottish lead singer of GarbageShirley Manson
39%
1965–Scottish Trainspotting actress who was Moaning Myrtle in Harry PotterShirley Henderson
23%
1936– 2020Later supporting roles: As Good as It Gets, Divine Secrets of the Ya-Ya SisterhoodShirley Knight
9%

Score Distribution

Percentile by Number Answered

Percent of People with Each Score

Your Score History

You have not taken this quiz since the last reset